000 00820nam a22002537a 4500
003 CHAP
005 20220329135804.0
008 971013s1980 r 00010 d
010 _a42167
011 _a43139
035 _a47275
040 _cCHAP
082 _a025.33
_bE83
110 _aE.U.A. Department of Agriculture
_934876
245 _aKeyword bank in CRIS ; terms for indexing and retrieving research projects in the Current Research Information System
260 _aBetsville, Md. :
_bThe Department,
_c1980
300 _a104 p.
590 _aBATCH-UPD
_b10
_c20130110
_lUCH01
_h2007
590 _aCONVERSION
_b10
_c20130109
_lUCH01
_h1323
650 1 4 _aEncabezamientos de materia
_xAgricultura.
_936719
901 _aBK
942 _cLIBRO
949 _a025.33 E83
_bBC
_cC
_d33724002179561
_eC
_h49431
_i47275
_sb
999 _c42167
_d42167